000 004360000a22001690004500
003 MACL
005 20151222164002.0
008 151222b xxu||||| |||| 00| 0 eng d
040 _aMACL
_cMACL
041 _aEnglish
082 _a824/DAS
100 _aDas, Durga
_922211
245 _aSardar Patels Correspondence 1945-50
_bVOL 7
260 _bNavajivan Publishing House
_c1973
650 _aLetters
_922212
942 _cBK
_k824/DAS
_2ddc
999 _c40866
_d40866